[Event "XXXI Torneo Internacional de A"]
[Site "Las Palmas de Gran Canaria"]
[Date "2010.12.02"]
[Round "1"]
[White "Peinado Santana, Victor"]
[Black "Kurajica, Bojan"]
[Result "0-1"]
[WhiteElo "1722"]
[BlackElo "2529"]
[PlyCount "50"]
[EventDate "2010.12.02"]
[EventRounds "9"]
[EventCountry "ESP"]

1. d4 Nf6 2. c4 e6 3. Nc3 Bb4 4. Qc2 d6 5. a3 Bxc3+ 6. Qxc3 O-O 7. Nf3 Re8 8.
Bg5 Qe7 9. e3 e5 10. d5 Nbd7 11. Nd2 c6 12. e4 Nc5 13. Qc2 cxd5 14. cxd5 Bd7
15. b4 Na4 16. Bd3 Rec8 17. Qa2 h6 18. Bxf6 Qxf6 19. O-O Rc3 20. Bc4 Rc8 21.
Rac1 Rxc1 22. Rxc1 b5 23. f3 Nb6 24. Rc3 bxc4 25. Nxc4 Bb5 0-1

[Event "XXXI Torneo Internacional de A"]
[Site "Las Palmas de Gran Canaria"]
[Date "2010.12.02"]
[Round "1"]
[White "Ortega Hermida, Daniel"]
[Black "Leon Manas, Jose Francisco"]
[Result "1-0"]
[WhiteElo "2387"]
[BlackElo "1712"]
[PlyCount "59"]
[EventDate "2010.12.02"]
[EventRounds "9"]
[EventCountry "ESP"]

1. d4 d5 2. c4 c6 3. Nf3 Nf6 4. e3 Bg4 5. Nc3 e6 6. h3 Bh5 7. g4 Bg6 8. Ne5 Bd6
9. Nxg6 hxg6 10. Qf3 Nbd7 11. Bd2 Bb4 12. Bd3 Nb6 13. cxd5 Nbxd5 14. Ke2 Nb6
15. a3 Be7 16. b4 a6 17. Rhb1 Nbd5 18. Na4 Nd7 19. Nc5 b5 20. Nxe6 Qb8 21.
Nxg7+ Kd8 22. Qxf7 N7f6 23. Rc1 Rf8 24. Ne6+ Kd7 25. Nxf8+ Qxf8 26. Qxf8 Rxf8
27. Bxg6 Rh8 28. Rg1 Rxh3 29. g5 Ne8 30. Bf5+ 1-0

[Event "XXXI Torneo Internacional de A"]
[Site "Las Palmas de Gran Canaria"]
[Date "2010.12.02"]
[Round "1"]
[White "Rodriguez Mellado, Antonio"]
[Black "Novoselski, Zoran"]
[Result "0-1"]
[WhiteElo "1711"]
[BlackElo "2370"]
[PlyCount "21"]
[EventDate "2010.12.02"]
[EventRounds "9"]
[EventCountry "ESP"]

1. e4 c5 2. Nf3 Nc6 3. d4 cxd4 4. Nxd4 Nf6 5. Nc3 e6 6. Bc4 Bb4 7. f3 Qa5 8.
Nde2 d5 9. Bd3 d4 10. a3 dxc3 11. bxc3 0-1

[Event "XXXI Torneo Internacional de A"]
[Site "Las Palmas de Gran Canaria"]
[Date "2010.12.02"]
[Round "1"]
[White "Tatai, Stefano"]
[Black "Sanchez Montesdeoca, Isaac"]
[Result "1/2-1/2"]
[WhiteElo "2351"]
[BlackElo "1710"]
[PlyCount "90"]
[EventDate "2010.12.02"]
[EventRounds "9"]
[EventCountry "ESP"]

1. e4 c5 2. Nf3 d6 3. d4 cxd4 4. Nxd4 Nf6 5. Nc3 g6 6. Be3 Bg7 7. f3 O-O 8. Bc4
Nc6 9. Qd2 Bd7 10. h4 h5 11. O-O-O Rc8 12. Bb3 Ne5 13. Kb1 Nc4 14. Bxc4 Rxc4
15. Nb3 Be6 16. Bd4 a5 17. e5 dxe5 18. Bxe5 Qa8 19. Qe2 Rfc8 20. Nd2 Rxc3 21.
bxc3 b5 22. Ka1 a4 23. Qxb5 Bd7 24. Qe2 Be6 25. Rhe1 Qd5 26. Nb3 Qc6 27. Nd2
Qd5 28. c4 Qa5 29. Qd3 Qa6 30. Qd4 Bf5 31. Rb1 Bh6 32. Qf2 Qa5 33. Nf1 Nd7 34.
Rb5 Qa6 35. c3 Rxc4 36. Qb2 Nxe5 37. Rbxe5 Bg7 38. R5e3 Qa5 39. Rc1 Rb4 40. Qd2
Qb5 41. Qe1 Rb2 42. Nd2 e5 43. Ne4 Rxa2+ 44. Kxa2 Qb3+ 45. Ka1 Qa3+ 1/2-1/2

[Event "XXXI Torneo Internacional de A"]
[Site "Las Palmas de Gran Canaria"]
[Date "2010.12.02"]
[Round "1"]
[White "Arroyo Palacios, Jose Maria"]
[Black "Vega Gutierrez, Sabrina"]
[Result "0-1"]
[WhiteElo "1698"]
[BlackElo "2342"]
[PlyCount "58"]
[EventDate "2010.12.02"]
[EventRounds "9"]
[EventCountry "ESP"]

1. f4 c5 2. Nc3 d5 3. Nf3 e6 4. g3 Nf6 5. Bg2 d4 6. Nb5 Bd7 7. Na3 Bc6 8. O-O
b5 9. c3 Qb6 10. Kh1 Na6 11. d3 Rd8 12. Qe1 Be7 13. Nc2 h5 14. h3 Qb7 15. Qf2
h4 16. Nxh4 dxc3 17. bxc3 c4 18. Nd4 Bxg2+ 19. Qxg2 Qxg2+ 20. Kxg2 cxd3 21.
exd3 b4 22. Nc6 Rxd3 23. Nxe7 Kxe7 24. cxb4 Rc8 25. f5 Ne4 26. Bf4 Rc2+ 27. Kg1
Nxg3 28. fxe6 Ne2+ 29. Kh1 Rxh3+ 0-1

[Event "XXXI Torneo Internacional de A"]
[Site "Las Palmas de Gran Canaria"]
[Date "2010.12.02"]
[Round "1"]
[White "Brito Garcia, Alfredo"]
[Black "Aleman Alamo, Nicolas"]
[Result "1-0"]
[WhiteElo "2337"]
[BlackElo "1694"]
[PlyCount "37"]
[EventDate "2010.12.02"]
[EventRounds "9"]
[EventCountry "ESP"]

1. d4 Nf6 2. Nf3 e6 3. g3 d5 4. Bg2 c5 5. O-O Nc6 6. c4 dxc4 7. Qa4 Bd7 8. dxc5
Bxc5 9. Qxc4 Qb6 10. Nc3 Na5 11. Qh4 Be7 12. Ne5 Bc6 13. Nxc6 Nxc6 14. Qa4 Rc8
15. Rb1 a6 16. Be3 Bc5 17. Bxc5 Qxc5 18. Rfc1 Qb4 19. Bxc6+ 1-0

[Event "XXXI Torneo Internacional de A"]
[Site "Las Palmas de Gran Canaria"]
[Date "2010.12.02"]
[Round "1"]
[White "Caritg Creus, Carlos"]
[Black "Hernando Rodrigo, Jose Maria"]
[Result "0-1"]
[WhiteElo "1693"]
[BlackElo "2315"]
[PlyCount "34"]
[EventDate "2010.12.02"]
[EventRounds "9"]
[EventCountry "ESP"]

1. b3 Nf6 2. Bb2 g6 3. e3 Bg7 4. c4 O-O 5. Nf3 c5 6. Bd3 Nc6 7. Nc3 e5 8. Bb1
Re8 9. d3 d5 10. e4 dxe4 11. dxe4 Nd4 12. h3 Nh5 13. Bc1 Nf4 14. Bxf4 exf4 15.
O-O Qa5 16. b4 Nxf3+ 17. Qxf3 cxb4 0-1

[Event "XXXI Torneo Internacional de A"]
[Site "Las Palmas de Gran Canaria"]
[Date "2010.12.02"]
[Round "1"]
[White "Menvielle Laccourreye, Augusto"]
[Black "Aguila Hernandez, Eduardo"]
[Result "1-0"]
[WhiteElo "2262"]
[BlackElo "1682"]
[PlyCount "53"]
[EventDate "2010.12.02"]
[EventRounds "9"]
[EventCountry "ESP"]

1. e4 e5 2. Nf3 Nc6 3. Bb5 a6 4. Ba4 Nf6 5. d3 b5 6. Bb3 Be7 7. Bd5 Nxd5 8.
exd5 Nd4 9. Nxe5 d6 10. Nf3 Bg4 11. Nbd2 Bg5 12. O-O Bxd2 13. Qxd2 Bxf3 14.
Qe3+ Qe7 15. Qxd4 c5 16. dxc6 Bxc6 17. Bf4 Kd7 18. Rfe1 Qf8 19. c4 g5 20. Be5
Rg8 21. c5 d5 22. Bd6 Qh6 23. Re7+ Kd8 24. Rae1 Qg6 25. Bc7+ Kc8 26. Bb6 Kb8
27. Qe5+ 1-0

[Event "XXXI Torneo Internacional de A"]
[Site "Las Palmas de Gran Canaria"]
[Date "2010.12.02"]
[Round "1"]
[White "Galiana Canillas, Antonio"]
[Black "Vega Gutierrez, Belinda"]
[Result "0-1"]
[WhiteElo "1681"]
[BlackElo "2227"]
[PlyCount "86"]
[EventDate "2010.12.02"]
[EventRounds "9"]
[EventCountry "ESP"]

1. c4 e6 2. Nc3 d5 3. d4 Nf6 4. Nf3 Be7 5. g3 dxc4 6. e3 a6 7. Bxc4 b5 8. Be2
Bb7 9. O-O O-O 10. Ne5 Nfd7 11. Bf3 c6 12. Nxd7 Nxd7 13. e4 Nb6 14. a3 Qd7 15.
b3 a5 16. a4 b4 17. Ne2 c5 18. Bb2 c4 19. bxc4 Nxc4 20. Rb1 Bc6 21. Ba1 Bxa4
22. Qd3 Bb5 23. Qd1 Ba4 24. Qd3 Ne5 25. Qe3 Nxf3+ 26. Qxf3 Rfd8 27. Qe3 Rac8
28. Rfc1 Bc2 29. Rb2 b3 30. Rxb3 Bxb3 31. Rxc8 Rxc8 32. Qxb3 a4 33. Qe3 Qb7 34.
Kg2 Qb1 35. Bc3 a3 36. d5 exd5 37. exd5 Bf8 38. Qd4 a2 39. d6 Rd8 40. d7 Qb7+
41. f3 Rxd7 42. Qe5 Rd3 43. Ng1 Rxc3 0-1

[Event "XXXI Torneo Internacional de A"]
[Site "Las Palmas de Gran Canaria"]
[Date "2010.12.02"]
[Round "1"]
[White "Gonzalez Garcia, Guillermo W"]
[Black "Monteiro Rodrigues, Carlos"]
[Result "1-0"]
[WhiteElo "2218"]
[BlackElo "1665"]
[PlyCount "37"]
[EventDate "2010.12.02"]
[EventRounds "9"]
[EventCountry "ESP"]

1. Nf3 Nf6 2. d4 d5 3. c4 e6 4. g3 c5 5. Bg2 Bd6 6. O-O O-O 7. cxd5 exd5 8. Nc3
h6 9. Be3 Na6 10. Rc1 c4 11. Ne5 Be6 12. f4 Qc8 13. Nb5 Bxe5 14. dxe5 Ne4 15.
Bxe4 dxe4 16. f5 Bxf5 17. Nd6 Qe6 18. Rxf5 Rad8 19. Qf1 1-0

[Event "XXXI Torneo Internacional de A"]
[Site "Las Palmas de Gran Canaria"]
[Date "2010.12.02"]
[Round "1"]
[White "Rodriguez Manzaneda, Irene"]
[Black "Garcia Blanco, Omar"]
[Result "0-1"]
[WhiteElo "1650"]
[BlackElo "2183"]
[PlyCount "92"]
[EventDate "2010.12.02"]
[EventRounds "9"]
[EventCountry "ESP"]

1. e4 c5 2. d3 Nc6 3. g3 g6 4. Bg2 Bg7 5. f4 e6 6. Nf3 Nge7 7. O-O O-O 8. c3 b6
9. Na3 a6 10. Nc2 Bb7 11. Be3 Rc8 12. Bf2 d6 13. d4 cxd4 14. cxd4 Na5 15. Re1
b5 16. Nd2 d5 17. e5 Qd7 18. g4 Nc4 19. Rb1 Nxd2 20. Qxd2 Rc7 21. Ne3 Rfc8 22.
Bh4 Bf8 23. Rf1 Nc6 24. f5 Nb4 25. fxe6 Qxe6 26. Bf6 Bh6 27. g5 Bf8 28. Rf3 Qb6
29. Rh3 Nc2 30. Nxc2 Rxc2 31. Qf4 h5 32. gxh6 Kh7 33. Be7 Qe6 34. Rf1 f5 35.
Bf6 Rxb2 36. a3 Bc6 37. Rg3 Be8 38. Qf3 Bf7 39. Qf4 Rcc2 40. Bh4 Ra2 41. Qg5
Bxh6 42. Qf6 Qxf6 43. Bxf6 f4 44. Rg4 Be6 45. Rh4 Rxg2+ 46. Kh1 g5 0-1

[Event "XXXI Torneo Internacional de A"]
[Site "Las Palmas de Gran Canaria"]
[Date "2010.12.02"]
[Round "1"]
[White "Gutierrez Olivares, Daniel"]
[Black "Sanchez Ramirez, Gustavo"]
[Result "1-0"]
[WhiteElo "2182"]
[BlackElo "1649"]
[PlyCount "87"]
[EventDate "2010.12.02"]
[EventRounds "9"]
[EventCountry "ESP"]

1. e4 c5 2. Nf3 Nc6 3. d4 cxd4 4. Nxd4 e5 5. Nb5 a6 6. N5c3 h6 7. Be3 Nf6 8.
Nd5 Nxd5 9. exd5 Ne7 10. d6 Nf5 11. Bc5 Qg5 12. b4 Qd8 13. Nc3 b6 14. Qd5 bxc5
15. Qxa8 Bxd6 16. Bd3 cxb4 17. Bxf5 bxc3 18. Rd1 Ke7 19. O-O Qb6 20. Rd3 Rd8
21. Rfd1 Bc5 22. Qf3 Bd4 23. Be4 a5 24. Bd5 f6 25. Qg4 Bxf2+ 26. Kh1 g5 27. Qh5
Bd4 28. Rf3 Rf8 29. Qxh6 Qc5 30. Qg7+ Kd8 31. Rxf6 Rxf6 32. Qxf6+ Qe7 33. Qh8+
Kc7 34. Rb1 Qd8 35. Qg7 Kd6 36. Be4 Kc7 37. Qf7 Ba6 38. Qd5 Qf6 39. Qxa5+ Kc8
40. Qd5 Kd8 41. Qg8+ Ke7 42. Qh7+ Kd6 43. Bf5 Qe7 44. Qg6+ 1-0

[Event "XXXI Torneo Internacional de A"]
[Site "Las Palmas de Gran Canaria"]
[Date "2010.12.02"]
[Round "1"]
[White "Santana Montjoy, Javier"]
[Black "Camino Carrio, Nicanor"]
[Result "0-1"]
[WhiteElo "1646"]
[BlackElo "2138"]
[PlyCount "92"]
[EventDate "2010.12.02"]
[EventRounds "9"]
[EventCountry "ESP"]

1. d4 Nf6 2. c4 g6 3. Nc3 Bg7 4. e4 d6 5. f4 O-O 6. Nf3 c5 7. d5 e6 8. Bd3 exd5
9. cxd5 b5 10. Bxb5 Nxe4 11. Nxe4 Qa5+ 12. Bd2 Qxb5 13. Qc2 Re8 14. Kf2 Bf5 15.
Rhe1 Nd7 16. Nxd6 Bxc2 17. Nxb5 Bxb2 18. Rxe8+ Rxe8 19. Re1 Rxe1 20. Bxe1 a6
21. Bc3 Bc1 22. Nc7 Bxf4 23. Ne8 Be4 24. g3 Bb8 25. d6 Kf8 26. Nc7 h6 27. Ne5
Nxe5 28. Bxe5 Bb7 29. Nxa6 Bxa6 30. d7 Ke7 31. Bxb8 Kxd7 32. Be5 Ke6 33. Bc3
Kf5 34. Kf3 Bb7+ 35. Ke3 Kg4 36. a4 f5 37. Bg7 h5 38. Be5 g5 39. a5 Ba6 40. Bd6
c4 41. Be5 h4 42. Kd4 f4 43. gxf4 gxf4 44. Ke4 Bb7+ 45. Kd4 Kf5 46. Bd6 Ba6 0-1

[Event "XXXI Torneo Internacional de A"]
[Site "Las Palmas de Gran Canaria"]
[Date "2010.12.02"]
[Round "1"]
[White "Alvarado Diaz, Alejandro"]
[Black "Reyes Sanchez, Francisco Javier"]
[Result "1-0"]
[WhiteElo "2109"]
[BlackElo "1625"]
[PlyCount "75"]
[EventDate "2010.12.02"]
[EventRounds "9"]
[EventCountry "ESP"]

1. g3 d5 2. Bg2 e5 3. d3 Nf6 4. Nf3 Nc6 5. O-O Bc5 6. c3 O-O 7. b4 Bd6 8. a4
Be6 9. Ba3 Qd7 10. b5 Ne7 11. Ng5 Bxa3 12. Nxe6 Qxe6 13. Nxa3 c6 14. Qb3 Rfd8
15. Nc2 a5 16. Rae1 e4 17. Qa3 Rac8 18. Nd4 Qe5 19. Bh3 Nd7 20. Nb3 b6 21. f4
Qf6 22. dxe4 dxe4 23. Rd1 Nf5 24. Bxf5 Qxf5 25. Nd4 Qh5 26. Nxc6 Qxe2 27. Rfe1
Qf3 28. Nxd8 Rxc3 29. Qe7 h6 30. Qxf7+ Kh7 31. Rxd7 Qg4 32. Qxg7+ Qxg7 33.
Rxg7+ Kxg7 34. Rxe4 Rc1+ 35. Kg2 Rd1 36. Nc6 Kf6 37. Rd4 Rxd4 38. Nxd4 1-0

[Event "XXXI Torneo Internacional de A"]
[Site "Las Palmas de Gran Canaria"]
[Date "2010.12.02"]
[Round "1"]
[White "Roque Hernandez, Francisco"]
[Black "Rodriguez Melian, Jose Luis"]
[Result "0-1"]
[WhiteElo "1620"]
[BlackElo "2103"]
[PlyCount "60"]
[EventDate "2010.12.02"]
[EventRounds "9"]
[EventCountry "ESP"]

1. d4 Nf6 2. c4 g6 3. Nc3 d5 4. cxd5 Nxd5 5. e4 Nxc3 6. bxc3 c5 7. Nf3 Bg7 8.
Be3 Nc6 9. Bb5 cxd4 10. Bxd4 O-O 11. Bxc6 bxc6 12. O-O Qa5 13. Bxg7 Kxg7 14.
Qc2 Rd8 15. Rfd1 Bg4 16. Rd3 Rxd3 17. Qxd3 Rd8 18. Qe3 Bxf3 19. Qxf3 Rd2 20. a3
Rc2 21. Qd3 Qxc3 22. Qd1 Qc5 23. Qe1 Qc4 24. f3 Qd4+ 25. Kh1 Qb2 26. Qf1 Rxg2
27. Rd1 Rxh2+ 28. Kg1 Rh5 29. Qd3 Rg5+ 30. Kf1 Qg2+ 0-1

[Event "XXXI Torneo Internacional de A"]
[Site "Las Palmas de Gran Canaria"]
[Date "2010.12.03"]
[Round "2"]
[White "Kurajica, Bojan"]
[Black "Navarro Molina, David"]
[Result "1-0"]
[WhiteElo "2529"]
[BlackElo "2051"]
[PlyCount "39"]
[EventDate "2010.12.02"]
[EventRounds "9"]
[EventCountry "ESP"]

1. Nf3 c5 2. c4 b6 3. e3 Nf6 4. d4 cxd4 5. exd4 e6 6. Nc3 Be7 7. d5 d6 8. dxe6
fxe6 9. g3 O-O 10. Bg2 Bb7 11. O-O e5 12. c5 d5 13. Nxe5 Bxc5 14. Bg5 Qd6 15.
Bxf6 gxf6 16. Nc4 Qd8 17. Nxd5 Nc6 18. Qg4+ Kh8 19. Rad1 f5 20. Qf4 1-0

[Event "XXXI Torneo Internacional de A"]
[Site "Las Palmas de Gran Canaria"]
[Date "2010.12.03"]
[Round "2"]
[White "Rojas Mirabal, Pedro"]
[Black "Ortega Hermida, Daniel"]
[Result "0-1"]
[WhiteElo "2000"]
[BlackElo "2387"]
[PlyCount "60"]
[EventDate "2010.12.02"]
[EventRounds "9"]
[EventCountry "ESP"]

1. d4 Nf6 2. c4 e6 3. Nf3 c5 4. d5 exd5 5. cxd5 d6 6. Nc3 g6 7. e4 a6 8. a4 Bg4
9. Be2 Bxf3 10. Bxf3 Nbd7 11. O-O Bg7 12. Bf4 Qe7 13. Re1 Ne5 14. Be2 O-O 15.
Qd2 Rfe8 16. Bg5 Qc7 17. Ra3 c4 18. Qf4 Nfd7 19. Qh4 Nc5 20. Bf6 Bxf6 21. Qxf6
Rab8 22. h4 Qe7 23. Qxe7 Rxe7 24. Rb1 f5 25. exf5 gxf5 26. Bh5 b5 27. axb5 axb5
28. Ne2 Ned3 29. Nd4 b4 30. Nc6 bxa3 0-1

[Event "XXXI Torneo Internacional de A"]
[Site "Las Palmas de Gran Canaria"]
[Date "2010.12.03"]
[Round "2"]
[White "Novoselski, Zoran"]
[Black "Galvan Sarmiento, Jose Luis"]
[Result "1-0"]
[WhiteElo "2370"]
[BlackElo "2006"]
[PlyCount "93"]
[EventDate "2010.12.02"]
[EventRounds "9"]
[EventCountry "ESP"]

1. g3 d5 2. Bg2 Nf6 3. c4 c6 4. Nf3 g6 5. O-O Bg7 6. cxd5 cxd5 7. d4 O-O 8. Ne5
Nbd7 9. Nc3 e6 10. Bf4 a6 11. Rc1 Nh5 12. Nxd7 Bxd7 13. Be5 Bh6 14. e3 Bc6 15.
g4 f6 16. gxh5 fxe5 17. hxg6 Qg5 18. gxh7+ Kxh7 19. dxe5 d4 20. Qc2+ Kh8 21.
Ne4 Qg7 22. Ng3 Bxg2 23. Kxg2 dxe3 24. fxe3 Bxe3 25. Rce1 Rxf1 26. Rxf1 Rd8 27.
Qc3 Rd2+ 28. Kh1 Bh6 29. Qc8+ Qg8 30. Qxb7 Qd8 31. Rf6 Bg7 32. Rxe6 Rxb2 33.
Qf3 Rb1+ 34. Kg2 Rb2+ 35. Kh3 Rb8 36. Qh5+ Kg8 37. Rg6 Rc8 38. Qg4 Rc7 39. Rxa6
Qd5 40. Re6 Rf7 41. Re8+ Rf8 42. Nf5 Qd3+ 43. Kh4 Qxf5 44. Qxf5 Rxe8 45. e6 Re7
46. Kh5 Bf6 47. Qxf6 1-0

[Event "XXXI Torneo Internacional de A"]
[Site "Las Palmas de Gran Canaria"]
[Date "2010.12.03"]
[Round "2"]
[White "Vega Gutierrez, Sabrina"]
[Black "Henriquez Garcia, David"]
[Result "1/2-1/2"]
[WhiteElo "2342"]
[BlackElo "1990"]
[PlyCount "50"]
[EventDate "2010.12.02"]
[EventRounds "9"]
[EventCountry "ESP"]

1. e4 c5 2. Nf3 Nc6 3. d4 cxd4 4. Nxd4 Nf6 5. Nc3 d6 6. Be2 e5 7. Nb3 Be7 8.
O-O O-O 9. Bf3 Be6 10. Nd5 Bxd5 11. exd5 Nb8 12. Be3 Nbd7 13. c4 b6 14. Nd2 Ne8
15. Be2 f5 16. f3 f4 17. Bf2 Rf6 18. b4 Rh6 19. Qb3 Bh4 20. g3 Rg6 21. Kg2 fxg3
22. hxg3 Bxg3 23. Bxg3 Rxg3+ 24. Kxg3 Qg5+ 25. Kf2 Qh4+ 1/2-1/2

[Event "XXXI Torneo Internacional de A"]
[Site "Las Palmas de Gran Canaria"]
[Date "2010.12.03"]
[Round "2"]
[White "Ramirez Medina, Oscar"]
[Black "Brito Garcia, Alfredo"]
[Result "0-1"]
[WhiteElo "1940"]
[BlackElo "2337"]
[PlyCount "94"]
[EventDate "2010.12.02"]
[EventRounds "9"]
[EventCountry "ESP"]

1. Nf3 d6 2. g3 g6 3. Bg2 Bg7 4. O-O e5 5. d3 Ne7 6. Nbd2 O-O 7. c3 c6 8. Qb3
a5 9. a4 d5 10. e4 Na6 11. exd5 cxd5 12. d4 e4 13. Ne5 f6 14. Nxg6 hxg6 15.
Nxe4 Bf5 16. Be3 Kh8 17. Nd2 Qd7 18. Qa3 Rfe8 19. Rfe1 Rad8 20. Bf4 g5 21. Be3
Nb8 22. f4 g4 23. Bf2 Ng8 24. Nf1 Nc6 25. Ne3 Be4 26. Qb3 f5 27. Bxe4 Rxe4 28.
Ng2 Nf6 29. Nh4 Kh7 30. Qc2 Rde8 31. Kg2 Ne7 32. Qd3 Ng6 33. Nxg6 Kxg6 34. c4
dxc4 35. Qxc4 Qd5 36. Qxd5 Nxd5 37. Rad1 Rxe1 38. Rxe1 Rxe1 39. Bxe1 Ne3+ 40.
Kh1 Bxd4 41. Bxa5 Bxb2 42. Bc7 Nd5 43. Bd6 Nc3 44. a5 Nd5 45. Kg2 Bc3 46. h3
gxh3+ 47. Kxh3 Kh5 0-1

[Event "XXXI Torneo Internacional de A"]
[Site "Las Palmas de Gran Canaria"]
[Date "2010.12.03"]
[Round "2"]
[White "Hernando Rodrigo, Jose Maria"]
[Black "Cruz Pino, Adrian"]
[Result "1-0"]
[WhiteElo "2315"]
[BlackElo "1892"]
[PlyCount "43"]
[EventDate "2010.12.02"]
[EventRounds "9"]
[EventCountry "ESP"]

1. d4 f5 2. Bg5 Nf6 3. Bxf6 exf6 4. e3 d5 5. c4 c6 6. cxd5 cxd5 7. Nc3 Na6 8.
Nge2 g5 9. Ng3 Nc7 10. Qh5+ Ke7 11. Bd3 f4 12. exf4 gxf4 13. Nge2 Qd6 14. O-O
Be6 15. Rfe1 Rg8 16. Nxf4 Rg5 17. Qxh7+ Rg7 18. Qf5 Kf7 19. Nxe6 Nxe6 20. Nb5
Qb6 21. Qh5+ Kg8 22. Qxd5 1-0

[Event "XXXI Torneo Internacional de A"]
[Site "Las Palmas de Gran Canaria"]
[Date "2010.12.03"]
[Round "2"]
[White "Aguilera Suarez, Antonio"]
[Black "Menvielle Laccourreye, Augusto"]
[Result "0-1"]
[WhiteElo "1843"]
[BlackElo "2262"]
[PlyCount "44"]
[EventDate "2010.12.02"]
[EventRounds "9"]
[EventCountry "ESP"]

1. e4 e6 2. d4 d5 3. exd5 exd5 4. Nf3 Bd6 5. h3 Nf6 6. Bd3 Nc6 7. c3 O-O 8. O-O
Re8 9. Re1 Ne4 10. Nbd2 f5 11. Nf1 Be6 12. N3h2 Qh4 13. Qc2 Re7 14. Nf3 Qh5 15.
a3 Rae8 16. Be3 f4 17. Bd2 Bxh3 18. Ne5 Rxe5 19. dxe5 Bxg2 20. Kxg2 f3+ 21. Kg1
Qh3 22. Ne3 Rxe5 0-1

[Event "XXXI Torneo Internacional de A"]
[Site "Las Palmas de Gran Canaria"]
[Date "2010.12.03"]
[Round "2"]
[White "Vega Gutierrez, Belinda"]
[Black "Padilla Socorro, Jesus"]
[Result "1-0"]
[WhiteElo "2227"]
[BlackElo "1804"]
[PlyCount "55"]
[EventDate "2010.12.02"]
[EventRounds "9"]
[EventCountry "ESP"]

1. e4 e6 2. d4 d5 3. Nc3 Bb4 4. Bd2 Nf6 5. e5 Nfd7 6. Qg4 g6 7. Nf3 c5 8. a3
Qa5 9. dxc5 Bxc3 10. Bxc3 Qxc5 11. h4 h5 12. Qf4 Qc7 13. Ng5 Rf8 14. Nh7 Rh8
15. Qh6 Rg8 16. O-O-O Nc6 17. f4 b6 18. Ng5 Bb7 19. Qh7 Rf8 20. Bd3 Ne7 21. Kb1
Nc5 22. Rhe1 Nxd3 23. cxd3 Nc6 24. Nxe6 Qe7 25. Nxf8 Qxf8 26. e6 O-O-O 27. Qxf7
Qe8 28. Bf6 1-0

[Event "XXXI Torneo Internacional de A"]
[Site "Las Palmas de Gran Canaria"]
[Date "2010.12.03"]
[Round "2"]
[White "Perez Castellano, Susana"]
[Black "Gonzalez Garcia, Guillermo W"]
[Result "0-1"]
[WhiteElo "1803"]
[BlackElo "2218"]
[PlyCount "76"]
[EventDate "2010.12.02"]
[EventRounds "9"]
[EventCountry "ESP"]

1. e4 c5 2. Nf3 d6 3. Bb5+ Nd7 4. O-O e5 5. c3 Ngf6 6. Re1 a6 7. Bxd7+ Bxd7 8.
d4 Qc7 9. Na3 c4 10. Nc2 Bc6 11. d5 Bd7 12. a4 Be7 13. a5 Bb5 14. Nd2 O-O 15.
Ne3 g6 16. Qc2 Nh5 17. g3 Rac8 18. Ng4 Kh8 19. Nf1 f5 20. exf5 gxf5 21. Nge3
Qd7 22. Qe2 Qe8 23. Nd2 Bg5 24. Nf3 h6 25. Ng2 Rg8 26. Nfh4 Bd7 27. Nf3 Qf7 28.
Ne3 Bxe3 29. Qxe3 f4 30. Qd2 Rc5 31. Nxe5 dxe5 32. Rxe5 Rg7 33. Qd4 Rc8 34.
Rxh5 Qxh5 35. Bxf4 Re8 36. Qb6 Qxd5 37. Qxh6+ Kg8 38. Be3 Bc6 0-1

[Event "XXXI Torneo Internacional de A"]
[Site "Las Palmas de Gran Canaria"]
[Date "2010.12.03"]
[Round "2"]
[White "Garcia Blanco, Omar"]
[Black "Guerrero Ruiz, Jose Luis"]
[Result "1-0"]
[WhiteElo "2183"]
[BlackElo "1772"]
[PlyCount "103"]
[EventDate "2010.12.02"]
[EventRounds "9"]
[EventCountry "ESP"]

1. e4 c5 2. c3 Nc6 3. d4 cxd4 4. cxd4 e5 5. d5 Bb4+ 6. Bd2 Bxd2+ 7. Nxd2 Nd4 8.
Ne2 Nxe2 9. Bxe2 d6 10. Qa4+ Kf8 11. Qb4 Nf6 12. Bd3 h5 13. Nc4 Kg8 14. Qxd6
Qxd6 15. Nxd6 Rh6 16. Rc1 Nxd5 17. Nxc8 Nb4 18. Kd2 Nc6 19. Rxc6 bxc6 20. Ne7+
Kf8 21. Nf5 Rf6 22. Ke2 Rd8 23. Rd1 g6 24. Ne3 Rd4 25. Nc4 Re6 26. Ke3 c5 27.
Rc1 Re8 28. b3 Kg7 29. Nb2 Red8 30. Rxc5 f6 31. Rc3 h4 32. Na4 R4d6 33. Nc5 Rc6
34. Bb5 Rb6 35. Bc4 Rd1 36. Rd3 Ra1 37. Rd7+ Kh6 38. Bg8 f5 39. Ne6 f4+ 40. Kf3
Rxe6 41. Bxe6 Rxa2 42. Rd5 Ra6 43. Rxe5 Ra2 44. Rc5 a5 45. Bd7 Rd2 46. Ba4 g5
47. h3 Rd3+ 48. Ke2 Rd8 49. Rxa5 Rc8 50. Ra6+ Kh5 51. Bd7 Rd8 52. Bg4# 1-0

[Event "XXXI Torneo Internacional de A"]
[Site "Las Palmas de Gran Canaria"]
[Date "2010.12.03"]
[Round "2"]
[White "Viera Falcon, Cristo"]
[Black "Gutierrez Olivares, Daniel"]
[Result "1/2-1/2"]
[WhiteElo "1790"]
[BlackElo "2182"]
[PlyCount "135"]
[EventDate "2010.12.02"]
[EventRounds "9"]
[EventCountry "ESP"]

1. d4 Nf6 2. c4 e6 3. Nc3 Bb4 4. Qc2 b6 5. e4 Bb7 6. Bd3 c5 7. d5 Qe7 8. Nge2
Bxc3+ 9. Qxc3 d6 10. Ng3 Nbd7 11. dxe6 fxe6 12. Bf4 O-O 13. O-O Ng4 14. Ne2 g5
15. Bd2 Rf7 16. Rae1 Raf8 17. f3 Nge5 18. Ng3 Ng6 19. Nh5 Nde5 20. Be2 Nf4 21.
Nxf4 gxf4 22. g3 Rg7 23. Kf2 fxg3+ 24. hxg3 Bxe4 25. Bf4 Ba8 26. Bxe5 dxe5 27.
Qxe5 Rg5 28. Qe3 e5 29. g4 Rxg4 30. Rh1 Rgf4 31. Reg1+ Kh8 32. Rg3 Qf6 33. Rgh3
Rf7 34. Rh6 Qe7 35. Ke1 Bxf3 36. Bxf3 Rxf3 37. Rxh7+ Rxh7 38. Qxf3 Rxh1+ 39.
Qxh1+ Kg7 40. Ke2 Qd7 41. Qh4 Kf7 42. b3 Qf5 43. Ke3 Ke6 44. Qg3 Qh7 45. Qg4+
Kd6 46. Qd1+ Kc7 47. Qd5 Qf5 48. Qa8 Qh3+ 49. Kd2 Qh2+ 50. Kd3 Qxa2 51. Kc3
Qa1+ 52. Kc2 Qa2+ 53. Kc3 Qa1+ 54. Kc2 Qa5 55. Qe8 Qa2+ 56. Kc3 Qa1+ 57. Kc2
Qd4 58. Qe7+ Kc6 59. Qxa7 e4 60. Qa8+ Kc7 61. Qa7+ Kc8 62. Qa6+ Kd7 63. Qxb6
Qd3+ 64. Kc1 e3 65. Qb5+ Ke6 66. Qc6+ Kf5 67. Qf3+ Ke5 68. Qg3+ 1/2-1/2

[Event "XXXI Torneo Internacional de A"]
[Site "Las Palmas de Gran Canaria"]
[Date "2010.12.03"]
[Round "2"]
[White "Hernandez Delgado, Norberto"]
[Black "Alvarado Diaz, Alejandro"]
[Result "0-1"]
[WhiteElo "1611"]
[BlackElo "2109"]
[PlyCount "78"]
[EventDate "2010.12.02"]
[EventRounds "9"]
[EventCountry "ESP"]

1. d4 g6 2. Nf3 Bg7 3. g3 Nf6 4. Bg2 d6 5. O-O O-O 6. Nbd2 Nbd7 7. Re1 e5 8.
dxe5 dxe5 9. e3 Qe7 10. e4 Rd8 11. Qe2 Nc5 12. b3 Ne6 13. Bb2 Nd7 14. Nc4 f6
15. Ne3 Nb6 16. a4 a5 17. Ba3 Qf7 18. Rad1 Bd7 19. c3 Bc6 20. Nd2 Bf8 21. Bxf8
Kxf8 22. Ndc4 Nd7 23. Qc2 Kg7 24. Nd5 Ndc5 25. Nce3 h5 26. h4 Rab8 27. Nc4 Ra8
28. Ra1 Nxe4 29. Nxc7 Qxc7 30. Bxe4 Bxe4 31. Rxe4 Nc5 32. Ree1 Nxa4 33. Nxa5
Rxa5 34. Rxa4 Rad5 35. Ra7 R8d7 36. Re2 Rd3 37. Re3 Rxe3 38. fxe3 Qb6 39. Ra2
Qxe3+ 0-1